[Event "Golden Sands op-B"]
[Site "Golden Sands"]
[Date "2015.06.09"]
[Round "2"]
[White "Soot, Margus"]
[Black "Ustianovich, Nazar"]
[Result "0-1"]
[WhiteElo "2101"]
[BlackElo "2244"]
[PlyCount "96"]
[EventDate "2015.06.08"]
[EventType "swiss"]
[EventRounds "9"]
[EventCountry "BUL"]
[SourceTitle "CBM 167 Extra"]
[Source "ChessBase"]
[SourceDate "2015.09.14"]
[SourceVersion "1"]
[SourceVersionDate "2015.09.14"]
[SourceQuality "1"]

1. e4 c6 2. d4 d5 3. e5 Bf5 4. Nf3 e6 5. Be2 c5 6. Be3 Qb6 7. c4 Qxb2 8. 0-0 Ne7 9. dxc5 Nbc6 10. Qd2 Qxd2 11. Nbxd2 0-0-0 12. cxd5 Nxd5 13. Rac1 Nxe3 14. fxe3 Bg6 15. Nb3 Be7 16. Nbd4 Rd5 17. Nxc6 bxc6 18. Nd4 Bxc5 19. Bf3 Bxd4 20. exd4 Rxd4 21. Rxc6+ Kb8 22. Rfc1 Rb4 23. R1c3 Rd8 24. a3 Rb6 25. R6c4 f6 26. a4 fxe5 27. a5 Rb1+ 28. Kf2 e4 29. Be2 Rb2 30. Ke3 Be8 31. Rc5 Bd7 32. Ba6 Rb4 33. Rc7 Rb3 34. Rxb3+ Kxc7 35. Rb7+ Kd6 36. Rxa7 Bc6 37. Bb7 Rd7 38. a6 Bd5 39. Bxd5 Rxa7 40. Bb7 Ke5 41. Ke2 Kd4 42. Kd2 e5 43. g4 g5 44. Ke2 e3 45. h3 h6 46. Ke1 Kd3 47. Kd1 e2+ 48. Ke1 Ke3 0-1

[Event "Viljandi Raud Memorial 48th"]
[Site "Viljandi"]
[Date "2014.07.03"]
[Round "5"]
[White "Tominga, Ago"]
[Black "Soot, Margus"]
[Result "0-1"]
[WhiteElo "1904"]
[BlackElo "2091"]
[PlyCount "62"]
[EventDate "2014.06.30"]
[EventType "swiss"]
[EventRounds "9"]
[EventCountry "EST"]
[SourceTitle "CBM 161 Extra"]
[Source "ChessBase"]
[SourceDate "2014.08.29"]
[SourceVersion "1"]
[SourceVersionDate "2014.08.29"]
[SourceQuality "1"]

1. e4 c5 2. Nc3 e6 3. g3 Nc6 4. Bg2 g6 5. d3 Bg7 6. f4 d6 7. Nf3 Nge7 8. 0-0 0-0 9. Rb1 a6 10. Be3 Qc7 11. g4 f5 12. gxf5 exf5 13. h4 h6 14. h5 Be6 15. Nh4 Nd4 16. Nxg6 Nxg6 17. hxg6 Rae8 18. Bxd4 cxd4 19. Nd5 Bxd5 20. exd5 Re3 21. Re1 Rfe8 22. Qd2 Qe7 23. Kf1 Qh4 24. Qf2 Qg4 25. Rxe3 dxe3 26. Qe2 Qxf4+ 27. Kg1 Be5 28. c3 Qh2+ 29. Kf1 Bg3 30. Bf3 Bf2 31. Qd1 e2+ 0-1

[Event "Keres Memorial rap 23rd"]
[Site "Tallinn"]
[Date "2014.01.11"]
[Round "2"]
[White "Kanep, Meelis"]
[Black "Soot, Margus"]
[Result "1-0"]
[WhiteElo "2525"]
[BlackElo "2091"]
[PlyCount "77"]
[EventDate "2014.01.11"]
[EventType "tourn (rapid)"]
[EventRounds "9"]
[EventCountry "EST"]
[EventCategory "10"]
[SourceTitle "CBM 158 Extra"]
[Source "ChessBase"]
[SourceDate "2014.02.28"]
[SourceVersion "1"]
[SourceVersionDate "2014.02.28"]
[SourceQuality "1"]

1. d4 c6 2. c4 d6 3. Nc3 Nd7 4. e4 e5 5. Nf3 Qc7 6. Be2 Ngf6 7. 0-0 Be7 8. h3 Nf8 9. Be3 Ng6 10. Re1 0-0 11. Bf1 a6 12. Rc1 Rd8 13. b4 b6 14. Qb3 Be6 15. d5 Bd7 16. dxc6 Bxc6 17. Nd5 Bxd5 18. cxd5 Qb7 19. Rc6 b5 20. Rec1 Nxe4 21. Bd3 f5 22. Rc7 Qb8 23. Bxe4 fxe4 24. Nd2 a5 25. bxa5 Rxa5 26. Nxe4 Qa8 27. Bg5 Ra7 28. Bxe7 Nxe7 29. Qg3 Ng6 30. Rxa7 Qxa7 31. Qg4 Rf8 32. Qe6+ Kh8 33. Rc8 Qxa2 34. Qf5 Kg8 35. Qe6+ Kh8 36. Rxf8+ Nxf8 37. Qf7 Qa8 38. Nxd6 g6 39. Ne8 1-0

[Event "Viljandi Raud Memorial 47th"]
[Site "Viljandi"]
[Date "2013.07.07"]
[Round "9"]
[White "Petrov, Dmitri"]
[Black "Soot, Margus"]
[Result "1-0"]
[WhiteElo "1889"]
[BlackElo "2116"]
[PlyCount "35"]
[EventDate "2013.07.01"]
[EventType "swiss"]
[EventRounds "9"]
[EventCountry "EST"]
[SourceTitle "CBM 155 Extra"]
[Source "ChessBase"]
[SourceDate "2013.08.26"]
[SourceVersion "1"]
[SourceVersionDate "2013.08.26"]
[SourceQuality "1"]

1. e4 c6 2. d4 d5 3. exd5 cxd5 4. c4 Nc6 5. Nc3 e5 6. dxe5 d4 7. Nd5 Be6 8. Qb3 Qd7 9. Nf3 0-0-0 10. Bd2 h6 11. 0-0-0 g5 12. h3 Bg7 13. Bb4 Bxd5 14. cxd5 Nxe5 15. Nxd4 Nf6 16. Nb5 Nxd5 17. Nd6+ Kb8 18. Qxd5 1-0

[Event "Viljandi Raud Memorial 47th"]
[Site "Viljandi"]
[Date "2013.07.02"]
[Round "2"]
[White "Seeman, Tarvo"]
[Black "Soot, Margus"]
[Result "1-0"]
[WhiteElo "2376"]
[BlackElo "2116"]
[PlyCount "171"]
[EventDate "2013.07.01"]
[EventType "swiss"]
[EventRounds "9"]
[EventCountry "EST"]
[SourceTitle "CBM 155 Extra"]
[Source "ChessBase"]
[SourceDate "2013.08.26"]
[SourceVersion "1"]
[SourceVersionDate "2013.08.26"]
[SourceQuality "1"]

1. Nf3 Nf6 2. g3 c5 3. Bg2 e6 4. 0-0 Be7 5. d3 d6 6. e4 Nc6 7. Nbd2 Qc7 8. c3 b6 9. e5 Nd7 10. exd6 Bxd6 11. Nc4 0-0 12. Nxd6 Qxd6 13. d4 Bb7 14. Bf4 Qe7 15. d5 exd5 16. Re1 Qd8 17. Qxd5 Nf6 18. Qf5 Ne7 19. Qc2 Ned5 20. Rad1 Qc8 21. Be5 Re8 22. Ng5 h6 23. Nf3 Ng4 24. h3 Nxe5 25. Rxe5 Nf6 26. Rxe8+ Qxe8 27. Re1 Qf8 28. Qa4 Qd6 29. Nh4 Bxg2 30. Nxg2 Qd2 31. Re7 Qc1+ 32. Ne1 Kf8 33. Re2 Re8 34. Qc2 Qg5 35. Rxe8+ Nxe8 36. Ng2 Qd5 37. a4 Nf6 38. Ne3 Qd7 39. h4 g6 40. b4 cxb4 41. cxb4 Qd4 42. b5 Ne4 43. h5 Kg7 44. hxg6 Kxg6 45. Kg2 f5 46. Qc8 Qxa4 47. Qxf5+ Kg7 48. Qe5+ Nf6 49. Nf5+ Kg6 50. Nh4+ Kf7 51. Qc7+ Ke6 52. Nf3 h5 53. Qe5+ Kf7 54. Qc7+ Ke6 55. Qc6+ Ke7 56. Qb7+ Ke6 57. Qc8+ Ke7 58. Qb7+ Ke6 59. Qc6+ Ke7 60. Ne5 a6 61. bxa6 Qxa6 62. Ng6+ Kf7 63. Ne5+ Ke7 64. Nc4 Nd7 65. Qd6+ Ke8 66. Ne5 Qb7+ 67. Kh2 Nf8 68. Qh6 Qh7 69. Qxb6 Qf5 70. Qe3 Ne6 71. Nf3 Qg4 72. Kg2 Ke7 73. Qh6 Kd6 74. Qf6 Qe4 75. Kh2 Qg4 76. Nh4 Qe2 77. Ng6 Kc5 78. Qf5+ Kd4 79. Qf6+ Kc4 80. Qf7 Kc3 81. Qf6+ Kc4 82. Nh4 Nd4 83. Qf7+ Kd3 84. Qf4 Kc4 85. Nf5 Qd3 86. Qxd4+ 1-0

[Event "Vaksali Raua Memorial 46th"]
[Site "Vaksali"]
[Date "2012.07.07"]
[Round "2"]
[White "Soot, Margus"]
[Black "Volodin, Aleksandr"]
[Result "1-0"]
[WhiteElo "2109"]
[BlackElo "2498"]
[PlyCount "53"]
[EventDate "2012.07.07"]
[EventType "swiss (rapid)"]
[EventRounds "7"]
[EventCountry "EST"]
[SourceTitle "CBM 149 Extra"]
[Source "ChessBase"]
[SourceDate "2012.08.24"]
[SourceVersion "1"]
[SourceVersionDate "2012.08.24"]
[SourceQuality "1"]

1. e4 c5 2. Nf3 e6 3. d4 cxd4 4. Nxd4 Nc6 5. Nc3 Qc7 6. g3 a6 7. Bg2 Nf6 8. 0-0 Be7 9. Nb3 0-0 10. f4 d5 11. e5 Nd7 12. Be3 b6 13. Ne2 Nc5 14. Ned4 Bb7 15. Nxc6 Bxc6 16. Nd4 Bb7 17. Qg4 Rfe8 18. Rad1 g6 19. h4 h5 20. Qf3 Kg7 21. f5 exf5 22. Nxf5+ gxf5 23. Qxh5 Bc8 24. Bxd5 Be6 25. Rxf5 Bxd5 26. Bh6+ Kg8 27. Rg5+ 1-0